000 01168cam a2200349Ia 4500
001 45094
005 20230410101712.0
008 900112s1989 fr ac 000 0cfre d
035 _a(OCoLC)ocm20880966
040 _aPBR
_cPBR
_dCLU
_dOCL
020 _a2091615013
020 _a9782091615011
035 _a(OCoLC)20880966
041 0 _aengfre
043 _anwht---
050 1 4 _a110 ND 306
_bP377 1986
245 0 3 _aLa Peinture haitienne /
_cdocumentation, Marie-José Nadal-Gardére ; textes, Gerard Bloncourt ; traduction, Elizabeth Bell = Haitian arts / research, Marie-José Nadal-Gardére ; texts, Gerard Bloncourt ; translation, Elizabeth Bell.
250 _a2. ed.
260 _aParis :
_bNathan,
_cc1986
300 _a207 p. :
_bill. (some col.), ports. ;
_c31 cm.
500 _aEnglish and French.
650 0 _aPainting, Haitian.
650 0 _aPrimitivism in art
_zHaiti.
650 0 _aPainting, Modern
_y20th century
_zHaiti.
650 0 _aPainters
_zHaiti
_vBiography.
650 4 _aCEH
650 4 _aColección Estudios Haitianos
700 1 _aBloncourt, Gérald.
740 0 1 _aHaitian arts.
942 _2lcc
_cbk
994 _aC0
_bDRFGD
999 _c12357
_d12357